[Event "European Youth Chess Championship B18"]
[Site "Prague, Top Hotel Prague"]
[Date "2016.08.26"]
[Round "8.18"]
[White "Garriga, Cazorla Pere"]
[Black "Patrascu, Catalin-Lucian"]
[Result "1-0"]
[WhiteElo "2392"]
[BlackElo "2286"]
[PlyCount "113"]
[EventDate "2016.08.18"]

1. d4 d5 2. c4 c6 3. Nf3 Nf6 4. Nc3 e6 5. e3 Nbd7 6. Qc2 Bd6 7. Bd3 dxc4 8.
Bxc4 O-O 9. O-O e5 10. Rd1 Qe7 11. h3 h6 12. Bb3 Re8 13. Nh4 Nf8 14. Nf5 Bxf5
15. Qxf5 e4 16. h4 g6 17. Qh3 Rad8 18. Bd2 N8d7 19. f3 Nb6 20. Rf1 Nbd5 21. h5
Kg7 22. Rae1 Bb8 23. hxg6 fxg6 24. Bc2 Nxc3 25. Bxc3 Rd5 26. fxe4 Nxe4 27. Qg4
Rh5 28. d5+ Kh7 29. Bxe4 Bh2+ 30. Kh1 Qxe4 31. Rf7+ Kg8 32. Rg7+ Kh8 33. Qxh5
gxh5 34. Rg4+ Qe5 35. Bxe5+ Bxe5 36. Rg6 cxd5 37. Rxh6+ Kg7 38. Rxh5 Kg6 39.
Rh3 Rc8 40. g3 Rc2 41. Rh2 Rc4 42. Kg2 Rg4 43. Rh3 Bxb2 44. Rd1 Ra4 45. Rxd5
Rxa2 46. Kf3 Bf6 47. g4 Ra6 48. g5 Bg7 49. Rh4 Rc6 50. Re4 b6 51. Re8 a5 52.
Rg8 Kf7 53. Rb8 Kg6 54. Rb5 a4 55. R5xb6 Rxb6 56. Rxb6+ Kxg5 57. Ra6 1-0

[Event "European Youth Chess Championship B18"]
[Site "Prague, Top Hotel Prague"]
[Date "2016.08.26"]
[Round "8.19"]
[White "Huber, Martin Christian"]
[Black "Karas, Marek"]
[Result "1/2-1/2"]
[WhiteElo "2377"]
[BlackElo "2278"]
[PlyCount "51"]
[EventDate "2016.08.18"]

1. Nf3 Nf6 2. c4 e6 3. Nc3 Bb4 4. Qc2 c5 5. a3 Bxc3 6. Qxc3 O-O 7. b4 b6 8. Bb2
Bb7 9. e3 d6 10. Be2 Nbd7 11. O-O a6 12. Rfd1 Rc8 13. Qb3 Qc7 14. d4 d5 15.
bxc5 bxc5 16. Rac1 dxc4 17. Qxc4 Qb6 18. Qa2 Bd5 19. Qa1 cxd4 20. Bxd4 Rxc1 21.
Rxc1 Qb7 22. Qc3 Qa8 23. Ne1 Bb7 24. Bf3 Bxf3 25. Nxf3 Qd5 26. Bxf6 1/2-1/2

[Event "European Youth Chess Championship B18"]
[Site "Prague, Top Hotel Prague"]
[Date "2016.08.26"]
[Round "8.20"]
[White "Alexiadis, Hristos"]
[Black "O`Donnell, Conor"]
[Result "1-0"]
[WhiteElo "2226"]
[BlackElo "2347"]
[PlyCount "77"]
[EventDate "2016.08.18"]

1. d4 d5 2. c4 e6 3. Nf3 Nf6 4. g3 Be7 5. Bg2 O-O 6. O-O dxc4 7. Ne5 c5 8. dxc5
Qc7 9. Nxc4 Rd8 10. Qb3 Nbd7 11. Nba3 Nxc5 12. Qc2 e5 13. Nb5 Qb8 14. Bg5 Ne6
15. Bxf6 Bxf6 16. Ne3 Bd7 17. Nc3 Nd4 18. Qd3 g6 19. Ned5 Bg7 20. e3 Nc6 21.
Qc4 Be6 22. Rfd1 Kh8 23. Ne4 f5 24. Ng5 Bg8 25. Qh4 e4 26. Nf4 Rd6 27. Bxe4
Bxb2 28. Rab1 Rxd1+ 29. Rxd1 Ne5 30. Nge6 Bxe6 31. Qf6+ Kg8 32. Qxe6+ Kg7 33.
Qe7+ Kh6 34. Bxb7 Qe8 35. Qh4+ Kg7 36. Bxa8 Qxa8 37. Ne6+ Kf7 38. Ng5+ Ke8 39.
Qxh7 1-0

[Event "European Youth Chess Championship B18"]
[Site "Prague, Top Hotel Prague"]
[Date "2016.08.26"]
[Round "8.21"]
[White "Pulpan, Jakub"]
[Black "Tokranovs, Dmitrijs"]
[Result "1-0"]
[WhiteElo "2321"]
[BlackElo "2257"]
[PlyCount "43"]
[EventDate "2016.08.18"]

1. e4 d6 2. d4 Nf6 3. Nc3 e5 4. Nf3 Nbd7 5. g4 Nxg4 6. Rg1 Ngf6 7. Be3 c6 8.
Qd2 b5 9. O-O-O Bb7 10. Kb1 Qc7 11. Bh3 h6 12. Nh4 b4 13. Na4 Nxe4 14. Qxb4
exd4 15. Bxd4 c5 16. Bxd7+ Qxd7 17. Bxc5 Bc6 18. Rge1 Qg4 19. Bxd6 Rd8 20. f3
a5 21. Qc4 Qd7 22. Nc5 1-0

[Event "European Youth Chess Championship B18"]
[Site "Prague, Top Hotel Prague"]
[Date "2016.08.26"]
[Round "8.22"]
[White "Toma, Radu-Cristian"]
[Black "Laiz, Ibanez Hector"]
[Result "1/2-1/2"]
[WhiteElo "2303"]
[BlackElo "2229"]
[PlyCount "35"]
[EventDate "2016.08.18"]

1. d4 Nf6 2. Nf3 g6 3. c4 Bg7 4. g3 O-O 5. Bg2 d6 6. O-O Nc6 7. Nc3 Rb8 8. Bf4
a6 9. Rc1 h6 10. d5 Na5 11. Qd3 c5 12. dxc6 bxc6 13. c5 g5 14. Be3 Rxb2 15.
cxd6 Qxd6 16. Rb1 Rxb1 17. Rxb1 Nd5 18. Ne4 1/2-1/2

[Event "European Youth Chess Championship B18"]
[Site "Prague, Top Hotel Prague"]
[Date "2016.08.26"]
[Round "8.23"]
[White "Bunyatov, Rustam"]
[Black "Filipets, Egor"]
[Result "1/2-1/2"]
[WhiteElo "2230"]
[BlackElo "2301"]
[PlyCount "71"]
[EventDate "2016.08.18"]

1. e4 e6 2. d4 d5 3. exd5 exd5 4. Nf3 Bd6 5. Bd3 Nf6 6. O-O O-O 7. c3 c6 8. Bg5
Bg4 9. Nbd2 Nbd7 10. Qb3 Qc7 11. Rfe1 Rae8 12. Bh4 Bh5 13. Bg3 Bxg3 14. hxg3
Bg6 15. Bxg6 hxg6 16. Rxe8 Rxe8 17. Re1 Rxe1+ 18. Nxe1 Qb6 19. Qxb6 Nxb6 20.
Nd3 Ne8 21. Kf1 Nd6 22. Ke2 Kf8 23. Kd1 Ke7 24. Nc5 Nd7 25. Nd3 g5 26. g4 f6
27. f3 g6 28. g3 Nf7 29. Nb3 b6 30. Nd2 Kd6 31. b4 f5 32. gxf5 gxf5 33. f4 gxf4
34. gxf4 Nf6 35. Nf3 Nh6 36. Nde5 1/2-1/2

[Event "European Youth Chess Championship B18"]
[Site "Prague, Top Hotel Prague"]
[Date "2016.08.26"]
[Round "8.24"]
[White "Capone, Nicola"]
[Black "Triger, Ramon"]
[Result "1-0"]
[WhiteElo "2392"]
[BlackElo "2215"]
[PlyCount "129"]
[EventDate "2016.08.18"]

1. e4 c5 2. Nf3 Nc6 3. d4 cxd4 4. Nxd4 g6 5. c4 Bg7 6. Be3 Nf6 7. Nc3 d6 8. Be2
Bd7 9. Nc2 Qc8 10. f3 Na5 11. Na3 O-O 12. Qd2 Nc6 13. O-O Qd8 14. Nc2 Ne5 15.
Rfc1 Rc8 16. b3 a6 17. a4 Nc6 18. Rab1 Re8 19. b4 Be6 20. Nd5 Bxd5 21. cxd5 Ne5
22. Na3 Rxc1+ 23. Rxc1 Qd7 24. Qc2 e6 25. b5 exd5 26. bxa6 bxa6 27. Bxa6 Qe7
28. Nb5 dxe4 29. Nc7 Rd8 30. fxe4 Neg4 31. Bb6 Qe5 32. g3 Nd7 33. Ba7 Nc5 34.
Bxc5 dxc5 35. Nd5 Qh5 36. Rf1 Bd4+ 37. Kh1 Ra8 38. Bc4 Rb8 39. Bb5 Rd8 40. Qe2
Rxd5 41. exd5 Qxd5+ 42. Qf3 Qe6 43. Be2 h5 44. a5 c4 45. a6 Kg7 46. Qf4 Qd5+
47. Bf3 Qd7 48. Bxg4 hxg4 49. Qe4 c3 50. Rd1 c2 51. Qxc2 Qd5+ 52. Qg2 Qc5 53.
Qe4 Be3 54. Ra1 Bd4 55. a7 Bxa1 56. a8=Q Qc1+ 57. Kg2 Qd2+ 58. Kf1 Qd1+ 59. Qe1
Qd3+ 60. Qe2 Qb1+ 61. Kg2 Bd4 62. Qxg4 Qg1+ 63. Kh3 Qf1+ 64. Qg2 Qf6 65. Q2f3
1-0

[Event "European Youth Chess Championship B18"]
[Site "Prague, Top Hotel Prague"]
[Date "2016.08.26"]
[Round "8.25"]
[White "Sawlin, Leonid"]
[Black "Seresin, Francesco"]
[Result "1-0"]
[WhiteElo "2322"]
[BlackElo "2200"]
[PlyCount "132"]
[EventDate "2016.08.18"]

1. e4 e5 2. Nf3 Nc6 3. d4 exd4 4. Nxd4 Bc5 5. Nb3 Bb6 6. Nc3 Nf6 7. Qe2 d6 8.
Be3 Qe7 9. O-O-O Bd7 10. Bg5 O-O-O 11. Nd5 Qe6 12. f3 h6 13. Bh4 g5 14. Nxb6+
axb6 15. Bf2 Nh5 16. Qd2 Ng7 17. Kb1 f5 18. Qc3 Qe7 19. Bc4 Rhe8 20. Bd5 fxe4
21. Bxe4 Ne6 22. h4 Nc5 23. Nxc5 bxc5 24. hxg5 hxg5 25. Rh7 Qe5 26. Qa3 Kb8 27.
Rd5 Qf6 28. Be3 Re5 29. Rxe5 Qxe5 30. Rh5 Rg8 31. Bc1 Nd4 32. Qe3 Ne6 33. Qb3
Bc8 34. Rh7 g4 35. Re7 gxf3 36. Bxf3 Rf8 37. Bd5 Nd4 38. Rxe5 Nxb3 39. Re7 Nd4
40. c3 c6 41. cxd4 cxd5 42. Be3 Rg8 43. Bf4 Bf5+ 44. Kc1 cxd4 45. Bxd6+ Ka7 46.
g3 Rc8+ 47. Bc7 Rh8 48. Kd2 Be4 49. g4 Rg8 50. Be5 Rxg4 51. Bxd4+ Kb8 52. Bb6
Kc8 53. Rc7+ Kb8 54. Rd7 Rg8 55. Kc3 Rc8+ 56. Kb4 Rc6 57. Ka5 Rc2 58. a4 Bf3
59. b4 Rc4 60. Rf7 Bg4 61. Bc5 Re4 62. Bd6+ Kc8 63. Rc7+ Kb8 64. Kb6 Re6 65.
Rc6+ Rxd6 66. Rxd6 d4 1-0

[Event "European Youth Chess Championship B18"]
[Site "Prague, Top Hotel Prague"]
[Date "2016.08.26"]
[Round "8.26"]
[White "Meunier, Clement"]
[Black "Jablonicky, Martin"]
[Result "0-1"]
[WhiteElo "2293"]
[BlackElo "2198"]
[PlyCount "86"]
[EventDate "2016.08.18"]

1. e4 c5 2. Nf3 d6 3. c3 Nf6 4. h3 Nc6 5. Bd3 g6 6. O-O Bg7 7. Re1 O-O 8. Bc2
e5 9. d4 cxd4 10. cxd4 Bd7 11. Nc3 Nxd4 12. Nxd4 exd4 13. Qxd4 Nxe4 14. Qb4
Nxc3 15. bxc3 Qc7 16. Bb2 Rac8 17. Re3 Rfe8 18. Rae1 Rxe3 19. Rxe3 a5 20. Qh4
Be6 21. Bb3 Bxb3 22. axb3 b5 23. Re7 Qd8 24. Qg4 b4 25. Ra7 Qe8 26. Re7 Qc6 27.
Bc1 bxc3 28. Qf4 Qd5 29. Qe3 Be5 30. g3 Qxb3 31. h4 a4 32. h5 a3 33. h6 a2 34.
Qa7 c2 35. Qd7 Rf8 36. Re8 Bg7 37. hxg7 Rxe8 38. Qxe8+ Kxg7 39. Bh6+ Kxh6 40.
Qf8+ Kh5 41. g4+ Kxg4 42. f3+ Kh5 43. Qe8 c1=Q+ 0-1

[Event "European Youth Chess Championship B18"]
[Site "Prague, Top Hotel Prague"]
[Date "2016.08.26"]
[Round "8.27"]
[White "Hollan, Petr"]
[Black "Friedland, Moshe"]
[Result "1/2-1/2"]
[WhiteElo "2292"]
[BlackElo "2170"]
[PlyCount "89"]
[EventDate "2016.08.18"]

1. e4 c5 2. Nf3 d6 3. d4 cxd4 4. Nxd4 Nf6 5. Nc3 a6 6. Bg5 e6 7. f4 h6 8. Bh4
Be7 9. Qf3 Qc7 10. O-O-O Nbd7 11. g4 g5 12. fxg5 Ne5 13. Qg3 Nfxg4 14. gxh6
Bxh4 15. Qxh4 Qe7 16. Qg3 Qg5+ 17. Kb1 Qe3 18. Rg1 Rxh6 19. Be2 Qxg3 20. Rxg3
Nf6 21. Rf1 b5 22. Nf3 Bb7 23. Nxe5 dxe5 24. Re3 Ke7 25. Bd3 Rxh2 26. b4 Nh5
27. a4 bxa4 28. Nxa4 Nf4 29. Nc5 Bc6 30. Bc4 Bb5 31. Bxb5 axb5 32. Rd1 Ra7 33.
Kb2 Rf2 34. Rg3 Re2 35. Rg8 Ng2 36. Rgd8 Ne3 37. R1d7+ Rxd7 38. Rxd7+ Ke8 39.
Rb7 Nxc2 40. Kc3 Nd4 41. Rb8+ Ke7 42. Rb7+ Ke8 43. Rb8+ Ke7 44. Rb7+ Ke8 45.
Rb8+ 1/2-1/2

[Event "European Youth Chess Championship B18"]
[Site "Prague, Top Hotel Prague"]
[Date "2016.08.26"]
[Round "8.28"]
[White "Rajkovic, Mladen"]
[Black "Tuomainen, Felix"]
[Result "1-0"]
[WhiteElo "2286"]
[BlackElo "2087"]
[PlyCount "65"]
[EventDate "2016.08.18"]

1. e4 e6 2. d4 d5 3. Nd2 c5 4. Ngf3 a6 5. dxc5 Bxc5 6. Bd3 Nc6 7. O-O Nge7 8.
exd5 exd5 9. Nb3 Bd6 10. Bg5 f6 11. Bh4 O-O 12. Re1 Qc7 13. Bg3 Ne5 14. c3 Bg4
15. Be2 N5g6 16. Nfd4 Bd7 17. Bxd6 Qxd6 18. Bg4 f5 19. Bf3 Rf6 20. Re3 Ne5 21.
Qe1 N7g6 22. Rd1 f4 23. Re2 Nxf3+ 24. Nxf3 Bb5 25. Rc2 Re8 26. Qd2 Re2 27. Qc1
Ne5 28. Nbd4 Nxf3+ 29. Nxf3 Rg6 30. Nd4 Re5 31. f3 Qe7 32. Qd2 Qh4 33. Qf2 1-0

[Event "European Youth Chess Championship B18"]
[Site "Prague, Top Hotel Prague"]
[Date "2016.08.26"]
[Round "8.29"]
[White "Fidalgo, Andre Neves"]
[Black "Markocic, Tine"]
[Result "1-0"]
[WhiteElo "2266"]
[BlackElo "2073"]
[PlyCount "137"]
[EventDate "2016.08.18"]

1. e4 c5 2. Nf3 Nc6 3. d4 cxd4 4. Nxd4 g6 5. Nc3 Bg7 6. Be3 Nf6 7. Bc4 Qa5 8.
O-O O-O 9. Bb3 d6 10. h3 Bd7 11. f4 Nxd4 12. Bxd4 Bc6 13. Qd3 Nd7 14. Bxg7 Kxg7
15. Qd4+ Kg8 16. Kh1 Qc5 17. Rad1 a5 18. Bd5 Qxd4 19. Rxd4 Nc5 20. Re1 Rfd8 21.
Red1 Kf8 22. Bc4 b5 23. Bxb5 Bxb5 24. Nxb5 Ne6 25. Rc4 Rab8 26. a4 Nxf4 27. Nd4
Rdc8 28. Rxc8+ Rxc8 29. Rd2 Nh5 30. Kh2 Nf6 31. e5 dxe5 32. Nb3 Rc4 33. Nxa5
Rxa4 34. Nc6 e4 35. b4 e3 36. Rd3 e2 37. Re3 Ra2 38. Rxe2 Nd5 39. Re5 Rxc2 40.
Nd4 Rc4 41. Rxd5 e6 42. Rd7 Ke8 43. Nf3 Rxb4 44. Ra7 Rf4 45. Kg3 Rf5 46. Kf2 h5
47. Ke3 Kf8 48. h4 Kg8 49. Ke4 Kf8 50. Ng5 Kg8 51. Ra3 Rf2 52. g3 Kg7 53. Ra7
Kg8 54. Nf3 Rf1 55. Ra3 Kf8 56. Ne5 Rf5 57. Ra7 Kg7 58. Nc6 Kf8 59. Nd4 Rd5 60.
Ra3 Kg8 61. Rf3 Kg7 62. Nc6 Rf5 63. Rxf5 exf5+ 64. Ke5 f6+ 65. Ke6 f4 66. gxf4
g5 67. hxg5 fxg5 68. f5 g4 69. f6+ 1-0

[Event "European Youth Chess Championship B18"]
[Site "Prague, Top Hotel Prague"]
[Date "2016.08.26"]
[Round "8.30"]
[White "Egri, Laszlo Jr"]
[Black "Krutsky, Martin"]
[Result "1/2-1/2"]
[WhiteElo "2257"]
[BlackElo "2035"]
[PlyCount "161"]
[EventDate "2016.08.18"]

1. Nf3 d5 2. c4 c6 3. g3 Nf6 4. Bg2 Bf5 5. O-O e6 6. b3 Nbd7 7. Bb2 h6 8. d3
Be7 9. Nbd2 O-O 10. a3 a5 11. Qc2 Bh7 12. Rac1 Rc8 13. Qb1 b5 14. Qa1 Qb6 15.
Ne5 Nxe5 16. Bxe5 Rfd8 17. Rc2 Ne8 18. cxd5 cxd5 19. Bd4 Qb8 20. Rfc1 Rxc2 21.
Rxc2 Rc8 22. Rxc8 Qxc8 23. Qc3 Qxc3 24. Bxc3 b4 25. axb4 axb4 26. Bd4 Nc7 27.
f4 Nb5 28. Bb6 f6 29. Kf2 Kf8 30. e4 dxe4 31. dxe4 e5 32. Bf1 Nc3 33. f5 Bg8
34. Bc4 Bxc4 35. bxc4 Ke8 36. Ke3 Kd7 37. Kd3 Kc6 38. Bf2 Bc5 39. Be1 Bb6 40.
Nb3 Nd1 41. Bxb4 Nf2+ 42. Ke2 Nxe4 43. Bf8 Bg1 44. Kf3 Nd6 45. Kg2 Be3 46. Bxg7
Nxf5 47. Bxf6 Nd6 48. c5 Nf7 49. Be7 Kd5 50. Kf3 Bg1 51. Kg2 Be3 52. Kf3 Bg1
53. h3 e4+ 54. Ke2 h5 55. Nd2 Bh2 56. Nxe4 Kxe4 57. Kf2 Kd5 58. Kg2 Bxg3 59.
Kxg3 Ne5 60. Bd6 Nf7 61. Bf8 Ne5 62. Be7 h4+ 63. Bxh4 Kxc5 64. Bg5 Kd5 65. Kf4
Ke6 66. Bd8 Nc6 67. Bb6 Kf6 68. Bc5 Kg6 69. Kg4 Ne5+ 70. Kg3 Kh5 71. Be3 Nc4
72. Bf4 Nb6 73. Kf3 Kh4 74. Kg2 Nd5 75. Bg3+ Kh5 76. Kf3 Nc3 77. Be1 Nd5 78. h4
Ne7 79. Kg3 Nf5+ 80. Kf3 Nxh4+ 81. Bxh4 1/2-1/2

[Event "European Youth Chess Championship B18"]
[Site "Prague, Top Hotel Prague"]
[Date "2016.08.26"]
[Round "8.31"]
[White "Caglar, Ahmet Ata"]
[Black "Nikolovski, Nikola"]
[Result "0-1"]
[WhiteElo "1968"]
[BlackElo "2252"]
[PlyCount "108"]
[EventDate "2016.08.18"]

1. e4 c5 2. Nf3 Nc6 3. d4 cxd4 4. Nxd4 e5 5. Nb5 d6 6. c4 Be7 7. N1c3 a6 8. Na3
f5 9. exf5 Bxf5 10. Bd3 Be6 11. O-O Nf6 12. Bg5 Nd7 13. Bxe7 Qxe7 14. Qh5+ Qf7
15. Qxf7+ Kxf7 16. f4 Ke7 17. Nd5+ Bxd5 18. cxd5 Nb4 19. Bf5 Raf8 20. Bxd7 Kxd7
21. fxe5 dxe5 22. Nc4 Rxf1+ 23. Rxf1 Re8 24. Rf7+ Re7 25. Nxe5+ Ke8 26. Rxe7+
Kxe7 27. a3 Nxd5 28. Kf2 Kd6 29. Nd3 Nf6 30. b4 b6 31. Kf3 Kd5 32. Nf4+ Kc4 33.
Ne6 Kb3 34. Nc7 a5 35. bxa5 bxa5 36. g4 Kxa3 37. g5 Nd7 38. Ke4 a4 39. Kd4 Kb3
40. Nb5 Kb4 41. Nc3 a3 42. Na2+ Kb3 43. Nc1+ Kc2 44. Na2 Nf8 45. Kd5 Kb3 46.
Nc1+ Kb2 47. Nd3+ Kc3 48. Nc1 Ng6 49. Ke4 Nh4 50. Na2+ Kb3 51. Nc1+ Kc2 52. Na2
Ng2 53. Nb4+ Kb3 54. Nd3 Ne1 0-1

[Event "European Youth Chess Championship B18"]
[Site "Prague, Top Hotel Prague"]
[Date "2016.08.26"]
[Round "8.32"]
[White "Garanin, Aleksei"]
[Black "Chovan, Milan"]
[Result "1/2-1/2"]
[WhiteElo "2118"]
[BlackElo "2231"]
[PlyCount "67"]
[EventDate "2016.08.18"]

1. d4 Nf6 2. c4 g6 3. Nc3 d5 4. cxd5 Nxd5 5. Bd2 Bg7 6. e4 Nb6 7. Be3 O-O 8. h3
f5 9. exf5 gxf5 10. Qb3+ Kh8 11. Nge2 Nc6 12. O-O-O a5 13. d5 a4 14. Qb5 Ne5
15. Nf4 Ng6 16. Nxg6+ hxg6 17. Qb4 a3 18. b3 Qd6 19. Bc5 Qe5 20. Qh4+ Kg8 21.
Bd4 Qd6 22. Bxg7 Kxg7 23. Qd4+ e5 24. dxe6+ Qxd4 25. Rxd4 Bxe6 26. Be2 Rfd8 27.
Rxd8 Rxd8 28. Rd1 Rxd1+ 29. Bxd1 Nd5 30. Nb5 Nb4 31. Nxa3 Nxa2+ 32. Kd2 Bd5 33.
g3 c6 34. Nc4 1/2-1/2

[Event "European Youth Chess Championship B18"]
[Site "Prague, Top Hotel Prague"]
[Date "2016.08.26"]
[Round "8.33"]
[White "Redondo, Benavente Jose Carlo"]
[Black "Kassay, Krisztian"]
[Result "1-0"]
[WhiteElo "2206"]
[BlackElo "2124"]
[PlyCount "51"]
[EventDate "2016.08.18"]

1. e4 c5 2. Nf3 e6 3. c4 Nc6 4. Nc3 a6 5. Be2 Qc7 6. a3 Nf6 7. d4 cxd4 8. Nxd4
Be7 9. Be3 O-O 10. O-O d6 11. f3 Bd7 12. Rc1 Nxd4 13. Qxd4 Rac8 14. Rfd1 Qb8
15. b4 Bd8 16. Kh1 b5 17. Bg1 bxc4 18. Bxc4 Rc6 19. Qd3 Qc8 20. Ne2 e5 21. Bxa6
Qxa6 22. b5 Rxc1 23. bxa6 Rxd1 24. Qxd1 Bb5 25. a7 Ba5 26. Qxd6 1-0

[Event "European Youth Chess Championship B18"]
[Site "Prague, Top Hotel Prague"]
[Date "2016.08.26"]
[Round "8.34"]
[White "Levitan, Tal"]
[Black "Schwander, Lukas"]
[Result "1/2-1/2"]
[WhiteElo "2099"]
[BlackElo "2199"]
[PlyCount "68"]
[EventDate "2016.08.18"]

1. e4 e5 2. Nf3 Nc6 3. Nc3 Nf6 4. Bb5 Bb4 5. O-O O-O 6. d3 d6 7. Bg5 Ne7 8.
Bxf6 gxf6 9. d4 c6 10. Be2 Ng6 11. g3 Bxc3 12. bxc3 f5 13. exf5 Bxf5 14. Qd2 e4
15. Ne1 Bh3 16. Ng2 d5 17. f3 f5 18. fxe4 Bxg2 19. Kxg2 dxe4 20. Bc4+ Kg7 21.
Rf2 b5 22. Bb3 Qe7 23. Qe3 Rf6 24. Raf1 Raf8 25. Kh1 Qd6 26. c4 f4 27. Qxe4
fxg3 28. Rxf6 Rxf6 29. Rxf6 Qxf6 30. hxg3 Qf1+ 31. Kh2 bxc4 32. Ba4 Qf2+ 33.
Kh3 Qf1+ 34. Kh2 Qf2+ 1/2-1/2

[Event "European Youth Chess Championship B18"]
[Site "Prague, Top Hotel Prague"]
[Date "2016.08.26"]
[Round "8.35"]
[White "Beeck, Mats"]
[Black "Fossan, Andreas"]
[Result "1-0"]
[WhiteElo "2196"]
[BlackElo "2023"]
[PlyCount "37"]
[EventDate "2016.08.18"]

1. e4 e6 2. d4 d5 3. exd5 exd5 4. Nf3 Bd6 5. c4 dxc4 6. Bxc4 Nf6 7. O-O O-O 8.
Nc3 c6 9. Re1 Bg4 10. h3 Bh5 11. g4 Bg6 12. Ne5 Bxe5 13. dxe5 Nfd7 14. f4 Qh4
15. Kg2 Nb6 16. Bb3 h5 17. f5 Bh7 18. Ne4 Rd8 19. Bg5 1-0

[Event "European Youth Chess Championship B18"]
[Site "Prague, Top Hotel Prague"]
[Date "2016.08.26"]
[Round "8.36"]
[White "Shpati, Ted"]
[Black "Zirkelbach, Maj"]
[Result "0-1"]
[WhiteElo "2084"]
[BlackElo "2189"]
[PlyCount "90"]
[EventDate "2016.08.18"]

1. e4 e5 2. Nf3 Nc6 3. Bb5 Nf6 4. O-O Nxe4 5. d4 Nd6 6. dxe5 Nxb5 7. a4 Nbd4 8.
Nxd4 Nxd4 9. Qxd4 d5 10. exd6 Qxd6 11. Be3 Qxd4 12. Bxd4 Be6 13. Nc3 O-O-O 14.
Rfd1 a6 15. Ne4 Bf5 16. f3 Bxe4 17. fxe4 Rxd4 18. Rxd4 Bc5 19. c3 Re8 20. Re1
f5 21. e5 Rd8 22. e6 Re8 23. Kf2 Bxd4+ 24. cxd4 Kd8 25. d5 Ke7 26. Ke3 Rd8 27.
Rc1 Kd6 28. Kf4 g6 29. Kg5 Re8 30. Kf6 c6 31. dxc6 Rxe6+ 32. Kf7 Re7+ 33. Kf6
Re6+ 34. Kf7 Re7+ 35. Kf6 Rc7 36. b4 Rxc6 37. Rxc6+ bxc6 38. h4 Kd5 39. Kg7 a5
40. bxa5 c5 41. Kxh7 c4 42. Kxg6 c3 43. h5 c2 44. h6 c1=Q 45. Kh7 Qg5 0-1

[Event "European Youth Chess Championship B18"]
[Site "Prague, Top Hotel Prague"]
[Date "2016.08.26"]
[Round "8.37"]
[White "Kostka, Vit"]
[Black "Oztekin, Kerem Can"]
[Result "1-0"]
[WhiteElo "2188"]
[BlackElo "1910"]
[PlyCount "44"]
[EventDate "2016.08.18"]

1. e4 c5 2. Nf3 g6 3. d4 cxd4 4. Nxd4 Bg7 5. Nc3 Nc6 6. Be3 Nf6 7. Nxc6 bxc6 8.
e5 Ng8 9. Bd4 Nh6 10. e6 f6 11. exd7+ Bxd7 12. Bc4 Nf7 13. Qe2 O-O 14. O-O-O
Kh8 15. h4 Nd6 16. Bb3 Qc8 17. h5 Nf5 18. hxg6 h6 19. Bc5 e5 20. Bxf8 Bxf8 21.
Qc4 Bg7 22. Qf7 Nd4 1-0

[Event "European Youth Chess Championship B18"]
[Site "Prague, Top Hotel Prague"]
[Date "2016.08.26"]
[Round "8.38"]
[White "Jonsson, Gauti Pall"]
[Black "Schwab, Lukas"]
[Result "1/2-1/2"]
[WhiteElo "2075"]
[BlackElo "2175"]
[PlyCount "193"]
[EventDate "2016.08.18"]

1. Nf3 d5 2. c4 e6 3. g3 Nf6 4. Bg2 dxc4 5. Qa4+ Nbd7 6. Qxc4 a6 7. O-O c5 8.
d3 b5 9. Qb3 Bb7 10. a4 Bd5 11. Qc2 Qb6 12. Nbd2 Be7 13. b3 O-O 14. Bb2 Rfc8
15. Rfc1 Rab8 16. Bc3 Bc6 17. Ne5 Bxg2 18. Kxg2 Qb7+ 19. Kg1 Nd5 20. Nxd7 Nxc3
21. Qxc3 Qxd7 22. Qc2 f5 23. Ra2 g5 24. Qc3 Qd6 25. axb5 axb5 26. Rca1 Rf8 27.
Ra6 Rb6 28. Ra8 Rxa8 29. Rxa8+ Rb8 30. Qa5 Kf7 31. Qa7 Rxa8 32. Qxa8 Qe5 33. e3
Qc3 34. Nf3 g4 35. Nh4 Qxd3 36. Qh8 f4 37. exf4 Bxh4 38. gxh4 c4 39. bxc4 bxc4
40. Qc8 c3 41. Qc7+ Kg6 42. h5+ Kh6 43. Qf7 Qf5 44. Qc7 c2 45. Qc3 Kxh5 46. Qc4
Kg6 47. Kf1 Qb5 48. Qxb5 c1=Q+ 49. Kg2 Qxf4 50. Qe8+ Qf7 51. Qc6 Qf5 52. Qe8+
Kh6 53. Qe7 Kh5 54. Qe8+ Qg6 55. Qe7 Qe4+ 56. Kg3 h6 57. Qf7+ Qg6 58. Qe7 Qf5
59. Kg2 Qe4+ 60. Kg1 e5 61. Qf7+ Qg6 62. Qe7 Qg5 63. Qe6 Qf4 64. Kg2 Qf3+ 65.
Kg1 Qe4 66. Qf7+ Qg6 67. Qe7 Qg5 68. Qe6 Qf4 69. Kg2 Qe4+ 70. Kg1 Qb1+ 71. Kg2
Qb7+ 72. Kg1 Qg7 73. Kg2 Kh4 74. Qf5 Qe7 75. Qg6 Qg5 76. Qe4 Qf4 77. Qg6 h5 78.
Qh7 Qf3+ 79. Kg1 e4 80. Qh6 Qd1+ 81. Kg2 Qf3+ 82. Kg1 Qf5 83. Qe3 Qf3 84. Qh6
Qf7 85. Qe3 Qf5 86. Qg3+ Kg5 87. h4+ Kg6 88. Qe3 Qe5 89. Qb6+ Qf6 90. Qe3 Kf5
91. Qc5+ Kg6 92. Qe3 Qe7 93. Qf4 Qxh4 94. Qxe4+ Kg7 95. Qe5+ Kg6 96. Qe4+ Kf7
97. Qf5+ 1/2-1/2

[Event "European Youth Chess Championship B18"]
[Site "Prague, Top Hotel Prague"]
[Date "2016.08.26"]
[Round "8.39"]
[White "Thorhallsson, Simon"]
[Black "Pozun, Matej"]
[Result "0-1"]
[WhiteElo "2169"]
[BlackElo "2078"]
[PlyCount "78"]
[EventDate "2016.08.18"]

1. d4 Nf6 2. c4 g6 3. Nc3 d5 4. Nf3 Bg7 5. Qb3 dxc4 6. Qxc4 O-O 7. e4 Nc6 8.
Be2 Bg4 9. Be3 Bxf3 10. gxf3 e5 11. d5 Nd4 12. O-O-O Ne8 13. f4 Nd6 14. Qd3
Nxe2+ 15. Nxe2 f5 16. exf5 Nxf5 17. Kb1 Qd6 18. Qc2 Nxe3 19. fxe3 Rae8 20. h4
c6 21. h5 cxd5 22. Qb3 Kh8 23. Rxd5 Qe6 24. Qd3 e4 25. Qb3 Rc8 26. hxg6 Qxg6
27. Rg5 Qf7 28. Rgh5 h6 29. Qb5 Rfd8 30. Rxh6+ Bxh6 31. Rxh6+ Kg8 32. Qg5+ Qg7
33. Qxg7+ Kxg7 34. Rh1 Rd3 35. Nd4 Kg6 36. Re1 Rh8 37. Re2 Rh3 38. a3 Rhxe3 39.
Rg2+ Rg3 0-1

[Event "European Youth Chess Championship B18"]
[Site "Prague, Top Hotel Prague"]
[Date "2016.08.26"]
[Round "8.40"]
[White "Radulescu, Vlad-Alexandru"]
[Black "Miknevicius, Laurynas"]
[Result "1/2-1/2"]
[WhiteElo "2029"]
[BlackElo "2150"]
[PlyCount "74"]
[EventDate "2016.08.18"]

1. e4 c5 2. c4 Nc6 3. Nc3 g6 4. g3 Bg7 5. Bg2 d6 6. Nge2 e6 7. O-O Nge7 8. a3
O-O 9. Rb1 b6 10. d3 Bb7 11. Be3 Nd4 12. Bxd4 cxd4 13. Nb5 e5 14. a4 f5 15. f3
a6 16. Na3 fxe4 17. fxe4 Bh6 18. Qb3 Kh8 19. Rxf8+ Bxf8 20. Rf1 Bc8 21. Kh1 Be6
22. Ng1 Bh6 23. Bh3 Bg8 24. Nf3 Nc6 25. Bg4 Na5 26. Qd1 Nb7 27. h4 Qe7 28. Nh2
Nc5 29. Bh3 Rf8 30. Rxf8 Qxf8 31. Ng4 Be6 32. b4 Nxa4 33. Qxa4 Bxg4 34. Bxg4
Qf1+ 35. Kh2 Qf2+ 36. Kh3 Qf1+ 37. Kh2 Qf2+ 1/2-1/2

[Event "European Youth Chess Championship B18"]
[Site "Prague, Top Hotel Prague"]
[Date "2016.08.26"]
[Round "8.42"]
[White "Holtman, Teodor"]
[Black "De, Block Yordi"]
[Result "1/2-1/2"]
[WhiteElo "2124"]
[BlackElo "2015"]
[PlyCount "126"]
[EventDate "2016.08.18"]

1. e4 d5 2. exd5 Qxd5 3. Nc3 Qd6 4. d4 Nf6 5. g3 g6 6. Bf4 Qd8 7. Bg2 c6 8. Qd2
Bg7 9. Nf3 O-O 10. O-O-O Be6 11. Rhe1 Nd5 12. Ng5 Nxf4 13. Qxf4 Bd5 14. Qh4 h6
15. Nf3 e6 16. Qf4 Nd7 17. Kb1 Nb6 18. h4 Nc4 19. Bf1 b5 20. Ne5 Nxe5 21. dxe5
Qa5 22. a3 Rab8 23. Qb4 Qxb4 24. axb4 Rfd8 25. Nxd5 Rxd5 26. f4 Rbd8 27. Rxd5
exd5 28. Ka2 Re8 29. Bd3 Re7 30. Kb3 f6 31. e6 f5 32. h5 Bd4 33. hxg6 Bf2 34.
Rf1 Bxg3 35. Bxf5 Kg7 36. Bh3 h5 37. f5 Kf6 38. c3 Bd6 39. Kc2 Be5 40. Kd3 Rg7
41. Ke3 Re7 42. Rf3 Rg7 43. Bf1 h4 44. Bh3 Re7 45. Rf1 Rg7 46. Rd1 Re7 47. Kf3
Rg7 48. Kg4 Bg3 49. Bg2 Re7 50. Bxd5 cxd5 51. Rxd5 a6 52. Rd8 Be5 53. Rh8 Rc7
54. Rxh4 Rc4+ 55. Kh3 Rxh4+ 56. Kxh4 Bf4 57. Kg4 Bc1 58. b3 Bd2 59. c4 bxc4 60.
bxc4 Bxb4 61. Kf4 a5 62. Ke4 a4 63. Kd3 a3 1/2-1/2